<?xml version="1.0" encoding="UTF-8"?>
<record
    xmlns:xsi="http://www.w3.org/2001/XMLSchema-instance"
    xsi:schemaLocation="http://www.loc.gov/MARC21/slim http://www.loc.gov/standards/marcxml/schema/MARC21slim.xsd"
    xmlns="http://www.loc.gov/MARC21/slim">

  <leader>01972nam a2200373 a 4500</leader>
  <controlfield tag="001">10709</controlfield>
  <controlfield tag="003"> BD RJUL</controlfield>
  <controlfield tag="005">20211208235013.0</controlfield>
  <controlfield tag="008">250114m19629999nyua      b   001 0 eng d</controlfield>
  <datafield tag="020" ind1=" " ind2=" ">
    <subfield code="a">0127462066</subfield>
  </datafield>
  <datafield tag="020" ind1=" " ind2=" ">
    <subfield code="a">0127462082 (v.8)</subfield>
  </datafield>
  <datafield tag="020" ind1=" " ind2=" ">
    <subfield code="a">0471529419 (v.9)</subfield>
  </datafield>
  <datafield tag="020" ind1=" " ind2=" ">
    <subfield code="a">0471529400 (v.10)</subfield>
  </datafield>
  <datafield tag="035" ind1=" " ind2=" ">
    <subfield code="a"> BD RJUL</subfield>
  </datafield>
  <datafield tag="040" ind1=" " ind2=" ">
    <subfield code="a"> BD RJUL</subfield>
    <subfield code="b">eng</subfield>
    <subfield code="c">BD-RjUL</subfield>
    <subfield code="d"> BD RJUL</subfield>
  </datafield>
  <datafield tag="041" ind1=" " ind2=" ">
    <subfield code="a">eng</subfield>
  </datafield>
  <datafield tag="082" ind1=" " ind2=" ">
    <subfield code="2">23</subfield>
    <subfield code="a">542.78</subfield>
    <subfield code="b">MET 1962</subfield>
  </datafield>
  <datafield tag="245" ind1="1" ind2="0">
    <subfield code="a">Methods in carbohydrate chemistry /</subfield>
    <subfield code="c">editors, Roy L. Whistler, M.L. Wolfrom ; assistant editors, James N. BeMiller, F. Shafizadeh</subfield>
  </datafield>
  <datafield tag="260" ind1=" " ind2=" ">
    <subfield code="a">New York ;</subfield>
    <subfield code="a">London :</subfield>
    <subfield code="b">Academic Press ;</subfield>
    <subfield code="a">Chichester :</subfield>
    <subfield code="b">Wiley,</subfield>
    <subfield code="c">1962.</subfield>
  </datafield>
  <datafield tag="300" ind1=" " ind2=" ">
    <subfield code="a">v. :</subfield>
    <subfield code="b">ill. ;</subfield>
    <subfield code="c">24 cm</subfield>
  </datafield>
  <datafield tag="500" ind1=" " ind2=" ">
    <subfield code="a">V. 3-5, editor, R.L. Whistler; v. 6-8, editors, R.L. Whistler and J.N. BeMiller; v. 9, editors, James N. BeMiller, Roy L. Whistler, associate editor, Derek H. Shaw ; v. 10, editor, James N. BeMiller, associate editors, David J. Manners, Robert J. Sturgeon, consulting editor, Roy L. Whistler</subfield>
  </datafield>
  <datafield tag="500" ind1=" " ind2=" ">
    <subfield code="a">Series resumed with v. 9 in 1993 with a new publisher</subfield>
  </datafield>
  <datafield tag="504" ind1=" " ind2=" ">
    <subfield code="a">Includes bibliographical references and indexes</subfield>
  </datafield>
  <datafield tag="505" ind1="0" ind2=" ">
    <subfield code="a">Contents: v.1. Analysis and preparation of sugars -- v.2. Reactions of carbohydrates -- v.3. Cellulose -- v.4. Starch -- v.5. General polysaccharides -- v.6. General carbohydrate methods -- v.7. General methods, glycosaminaglycans and glycoproteins -- v.8. General methods -- v.9. Lipopolysaccharides : Separation and analysis : Glycosylated polymers -- v. 10. Enzymic methods</subfield>
  </datafield>
  <datafield tag="650" ind1=" " ind2="0">
    <subfield code="a">Carbohydrates</subfield>
    <subfield code="x">Analysis</subfield>
    <subfield code="9">33116</subfield>
  </datafield>
  <datafield tag="700" ind1="1" ind2=" ">
    <subfield code="a">Whistler, R. L.</subfield>
    <subfield code="q">(Roy Lester),</subfield>
    <subfield code="d">1912-</subfield>
    <subfield code="9">33117</subfield>
  </datafield>
  <datafield tag="700" ind1="1" ind2=" ">
    <subfield code="a">Wolfrom, Melville Lawrence,</subfield>
    <subfield code="d">1900-1960.</subfield>
    <subfield code="9">33118</subfield>
  </datafield>
  <datafield tag="700" ind1="1" ind2=" ">
    <subfield code="a">BeMiller, James N.</subfield>
    <subfield code="q">(James Noble),</subfield>
    <subfield code="d">1933-</subfield>
    <subfield code="9">33119</subfield>
  </datafield>
  <datafield tag="700" ind1="1" ind2=" ">
    <subfield code="a">Shafizadeh, F.</subfield>
    <subfield code="9">33120</subfield>
  </datafield>
  <datafield tag="700" ind1="1" ind2=" ">
    <subfield code="a">Shaw, Derek.</subfield>
    <subfield code="9">33121</subfield>
  </datafield>
  <datafield tag="700" ind1="1" ind2=" ">
    <subfield code="a">Manners, D. J.</subfield>
    <subfield code="q">(David John),</subfield>
    <subfield code="d">1931-</subfield>
    <subfield code="9">33122</subfield>
  </datafield>
  <datafield tag="710" ind1="1" ind2=" ">
    <subfield code="a">Sturgeon, Robert J.</subfield>
    <subfield code="9">33123</subfield>
  </datafield>
  <datafield tag="942" ind1=" " ind2=" ">
    <subfield code="2">ddc</subfield>
    <subfield code="c">BK</subfield>
  </datafield>
  <datafield tag="999" ind1=" " ind2=" ">
    <subfield code="c">10709</subfield>
    <subfield code="d">10709</subfield>
  </datafield>
  <datafield tag="952" ind1=" " ind2=" ">
    <subfield code="0">0</subfield>
    <subfield code="1">0</subfield>
    <subfield code="2">ddc</subfield>
    <subfield code="4">0</subfield>
    <subfield code="7">1</subfield>
    <subfield code="8">NFIC</subfield>
    <subfield code="a">RUCL</subfield>
    <subfield code="b">RUCL</subfield>
    <subfield code="c">Reading</subfield>
    <subfield code="d">1965-11-30</subfield>
    <subfield code="e">zeit</subfield>
    <subfield code="g">137.00</subfield>
    <subfield code="l">0</subfield>
    <subfield code="o">542.78 MET V-1 1962</subfield>
    <subfield code="r">2014-01-25 00:00:00</subfield>
    <subfield code="t">C-1</subfield>
    <subfield code="w">2021-12-08</subfield>
    <subfield code="y">BK</subfield>
  </datafield>
  <datafield tag="952" ind1=" " ind2=" ">
    <subfield code="0">0</subfield>
    <subfield code="1">0</subfield>
    <subfield code="2">ddc</subfield>
    <subfield code="4">0</subfield>
    <subfield code="7">1</subfield>
    <subfield code="8">NFIC</subfield>
    <subfield code="a">RUCL</subfield>
    <subfield code="b">RUCL</subfield>
    <subfield code="c">Reading</subfield>
    <subfield code="d">1965-11-30</subfield>
    <subfield code="e">Zeithinger</subfield>
    <subfield code="g">137.00</subfield>
    <subfield code="l">0</subfield>
    <subfield code="o">542.78 MET V-3 1963</subfield>
    <subfield code="r">2017-04-13 00:00:00</subfield>
    <subfield code="t">C-1</subfield>
    <subfield code="w">2017-04-13</subfield>
    <subfield code="y">BK</subfield>
  </datafield>
  <datafield tag="952" ind1=" " ind2=" ">
    <subfield code="0">0</subfield>
    <subfield code="1">0</subfield>
    <subfield code="2">ddc</subfield>
    <subfield code="4">0</subfield>
    <subfield code="7">1</subfield>
    <subfield code="8">NFIC</subfield>
    <subfield code="a">RUCL</subfield>
    <subfield code="b">RUCL</subfield>
    <subfield code="c">Reading</subfield>
    <subfield code="d">1965-11-30</subfield>
    <subfield code="e">Zeitlinger</subfield>
    <subfield code="g">131.00</subfield>
    <subfield code="l">0</subfield>
    <subfield code="o">542.78 MET V-4 1964</subfield>
    <subfield code="r">2017-05-17 00:00:00</subfield>
    <subfield code="t">C-1</subfield>
    <subfield code="w">2017-05-17</subfield>
    <subfield code="y">BK</subfield>
  </datafield>
</record>
